002650000a220008500045001000028000007000023000282450077000510410013001287730038001411 aBierregaard, Richard O.1 aLovejoy, Thomas E.10aEffects of forest fragmentation on amazonian understory bird communities0 aInglés1 tActa amazonicaq215-241d1989g19